000 00376nam a2200133Ia 4500
008 100328s9999 xx 000 0 und d
082 _b48820
100 _aपठाण यू.म.
245 _aअजून आठवतंय
260 _bज्ञानदा
630 _aअजून आठवतंय
730 _aअजून आठवतंय
942 _cBOOK
999 _c536375
_d536372